Word Ladder: Famous Motto Quiz Stats

Quiz Updated Jan 9, 2018

Challenge
Share
Tweet
Embed
Score 0/24 Timer 03:00
8 Plays Today
Clue 4-Letter Word % Correct
Counterpart of an arteryVEIN
92.3%
Interlace yarn with needlesKNIT
90.8%
Square, slip, or butterfly ____KNOT
90.5%
Be aware ofKNOW
89.8%
Meat used in osso bucoVEAL
89.1%
Face-concealing fabricVEIL
89%
Hearts or clubsSUIT
88.8%
ConceitedVAIN
86.7%
CureHEAL
86.6%
Sulky temperSNIT
82.8%
Give upQUIT
73.2%
Cats and dogs do this, idiomatically☂RAIN☂
66.2%
Clue 4-Letter Word % Correct
One round of a track race☀HEAT☀
63.4%
Mysterious Christie detective, Harley ____QUIN
62.9%
Lay waste toRUIN
56.5%
With “under,” to overwhelm❄SNOW❄
55%
What none of the marked words can stop the delivery of✉MAIL✉
51.8%
WeightHEFT
36.8%
“Gloom of night,” poetically☽DARK☾
36.3%
Move quicklyDART
36.2%
AgileDEFT
34%
GoofyDAFT
32.9%
Sign, indicationMARK
30.5%
Silt-clay mixture used in farmingMARL
25.1%

Today's Daily Dose

Missing Word
1971 Movies A-Z

Word Ladder
Complete Tour

Quick Pick
Logo Colors

On This Day
January 19th

You're not logged in!

Compare scores with friends on all Sporcle quizzes.
Sign Up with Email
OR
Log In

You Might Also Like...

Show Comments

Extras

Top Quizzes Today


Score Distribution

Your Account Isn't Verified!

In order to create a playlist on Sporcle, you need to verify the email address you used during registration. Go to your Sporcle Settings to finish the process.